Star Wars Quiz - Statistiken

Allgemein
  • Dieses Quiz wurde 131 mal gespielt
  • Das Durchschnittsergebnis liegt bei 2 aus 10
Antwortstatistiken
Hint Antwort % Korrekt
Wie war Commander der 332 Kompanie in den letzten Episoden von Clone Wars? Rex
75%
Wer kann die Mortis Götter kontrollieren? Anakin Skywalker
56%
Wie heist das Double von Padme Amidala? Sabé
15%
Wer übergab Morgan Elsbeth das Schwert, mit dem sie gegen Ahsoka und Sabine kämpft? Die Großen Mütter
13%
Wer spricht den Satz: "Ich habe gesprochen" Kuiil
12%
Wie heist das Schiff eines berühmten Kopfgeldjägers? Razor Crest
12%
Wie wurde Thrawn ins Exil befördert? Purrgil
11%
Wer hat den zweiten Teil der Hyperraum Karte an Ahsoka gegeben? Even Piell
9%
Auf welchem Planeten trifft Meister Yoda Darth Bane? Moraband
5%
Wie heist der Sohn von Jabba the Hut? Motta
2%
Keine übereinstimmenden Quizze gefunden
Verteilung der Resultate
Anzahl Personen mit jedem Resultat
Perzentil nach korrekt beantworteten Fragen
Ihre Resultats-Entwicklung
Sie haben dieses Quiz noch nicht gespielt